| 000 | 00942nam a22002777a 4500 | ||
|---|---|---|---|
| 003 | CHAP | ||
| 005 | 20220817042416.0 | ||
| 008 | 971013s r 00010 d | ||
| 010 | _a43798 | ||
| 011 | _a44770 | ||
| 035 | _a48908 | ||
| 040 | _cCHAP | ||
| 090 | _aR-3471 | ||
| 100 | 0 | 0 |
_aPinheiro Machado, Luis Carlos. _988198 |
| 245 | _aDefinición de un modelo de desarrollo sostenible | ||
| 500 | _aSobretiro de: Revista Agropecuaria Selección de Temas Agropecuarios Los Recursos Naturales Ciclo del Medio Ambiente No. 10 : 9-14, 1992 | ||
| 501 | _aEnc. con otros impresos similares | ||
| 590 |
_aBATCH-UPD _b10 _c20130109 _lUCH01 _h2310 |
||
| 590 |
_aBATCH-UPD _b10 _c20130110 _lUCH01 _h2023 |
||
| 590 |
_aCONVERSION _b10 _c20130109 _lUCH01 _h1324 |
||
| 650 | 1 | 4 | _aDesarrollo sustentable. |
| 700 | 0 |
_aTuset, Rinaldo _ecomp. _9115696 |
|
| 901 | _aBK | ||
| 942 | _cREIMP | ||
| 949 |
_aR-3471 _bBC _cR _d-110518 _eTS1 _gI.c/e _i48908 _si _t18.00 |
||
| 999 |
_c43798 _d43798 |
||